000 00798nam a2200241 4500
001 140520
003 ES-MaACL
005 20250809064709.0
007 t|
008 070214s1982 mx r ||||1| spa d
020 _a968-16-1204-3
080 _a339.9
100 1 _aSeara Vázquez, Modesto.
_9104985
245 1 0 _aTratado general de la organización internacional /
_cModesto Seara Vázquez.
250 _a2ª ed.
260 _aMéxico :
_bFondo de Cultura Económica,
_c1982.
300 _a1103 p. :
_bil. ;
_c24 cm.
490 1 _aSección de obras de política y derecho
650 4 _aOrganismos internacionales.
_915757
830 1 0 _aSección de obras de política y derecho (Fondo de Cultura Económica)
_9179881
852 4 _aES-MaACL
_jL-4090
999 _c140520
_d140520